Normal view
MARC view
- Loved, H.
Entry Nombre Personal
001 - NUMERO DE CONTROL
- campo de control: 53198
003 - IDENTIFICADOR DE NUMERO DE CONTROL
- campo de control: MX-MxUPN
005 - FECHA Y HORA DE LA ÜLTIMA TRANSACCIÓN
- campo de control: 20240822132320.0
008 - DATOS DE LONGITUD FIJA
- campo de control de longitud fija: 240822|| acn||aabn | aba d
040 ## - FUENTE DE CATALOGACIÓN
- Agencia original de catalogación: MX-MxUPN
- Lenguaje de catalogación: spa
- Agencia de transcripción: MX-MxUPN
100 1# - ENCABEZAMIENTO - NOMBRE PERSONAL
- Nombre personal: Loved, H.
670 ## - FUENTE EN LA QUE SE LOCALIZARON DATOS
- Cita de la fuente: Educación femenina, 1914 :
- Información localizada: portada (Madam H. Loved)
902 ## - CATALOGADOR
- Catalogador: MaríaRobles/220824
